000 00452nam a2200181Ia 4500
001 16881
005 20260306170343.0
008 260306t2004||||xx |||||||||||||| ||und||
041 _aESP
082 _a657.3
_bC 2004
100 _aAmat, O. (coord.)
_eAUT
245 0 _aComprender las normas internacionales de contabilidad NIC
260 _c2004
300 _a306 páginas :
_ccm.
650 _aGEN
654 _aCCO
942 _cLIB
_dJUS
_fJUS
_2ddc
_n
999 _c16881
_d16881